000
00258nam a22000857a 4500
008
160630b xxu||||| |||| 00| 0 eng d
100
_9
1478
_a
Sharma, S
245
_a
Common Medical Problems in School Going Children
260
_a
New Delhi
_b
Avichal Publication
_c
2002
999
_c
1225
_d
1225